000 00261nam a22001097a 4500
082 _a823
_bPER/A
100 _aPERCIRA, MONAROSE
245 _aADVENTURE OF TIN-TIN
246 _aADVENTURE OF TIN-TIN
_bADVENTURE OF TIN-TIN
650 _aENGLISH STORIES
942 _cBK
999 _c8796
_d8796